LEADER 01068nam a2200241 u 4500 001 000000008286 003 CaOOAMICUS 005 20070226105058.0 008 940516s1945 it u000 u ita u 035 $a10213730 040 $aPUL(R)$bita 100 1 $aVito, Francesco,$d1902-1968.$0(OLS)http://pul/name/5547 245 12$aL'economia a servizio dell'uomo :$bi nuovi orientamenti della politica economica e sociale /$cFrancesco Vito. 250 $a2. ed. riv. 260 $aMilano :$bVita e pensiero,$c1945. 300 $axi [1] 164 p. ;$c25 cm 650 4$aGeografia economica.$0(OLS)http://pul/subject/7139 650 4$aEconomia politica.$0(OLS)http://pul/subject/7140 850 $aPUL 852 $aPUL$W1$xDP1 Fondo Pastorale$y55$mP13 B 184$j11716$nBK-PRI$b $qFondi$B11716$CPULBib$Z2$F11716 $H $81 941 1 $a1 996 $6245$aL'economia a servizio dell'uomo :$bi nuovi orientamenti della politica economica e sociale$9(OLS)http://pul/title/12137 996 $6260$aMilano :$bVita e pensiero$9(OLS)http://pul/publisher/48016 LEADER 01208nam a2200289 u 4500 001 000000069958 003 CaOOAMICUS 005 20070226121952.0 008 020423s1974 gw ah u000 u ger u 020 $a3446119302 035 $a10927576 040 $aPUL(R)$bita 100 1 $aKirchner, Klaus.$0(OLS)http://pul/name/46521 245 10$aFlugblätter :$bpsychologische Kriegsführung im zweiten Weltkrieg in Europa /$cKlaus Kircner. 260 $aMünchen :$bHanser,$cc1974. 300 $a192 p. :$bill., facs. ;$c18 cm 490 1 $aReihe Hanser ;$v170 650 4$aGuerra mondiale, 1939-1945.$0(OLS)http://pul/subject/2927 830 0$aReihe Hanser ;$v170.$0(OLS)http://pul/title/86050 850 $aPUL 852 $aPUL$W1$xSL Filosofia 1$y2$m127 D 67$j90564$nBK-PRI$b $qStampati$B90564$CPULBib$Z2$F90564 $H $81 941 1 $a8 960 $aSeconda guerra mondiale, 1939-1945$92927 961 $aINV: 61154 996 $6020$a3446119302$9(OLS)http://pul/number/90539 996 $6245$aFlugblätter :$bpsychologische Kriegsführung im zweiten Weltkrieg in Europa$9(OLS)http://pul/title/92309 996 $6260$aMünchen :$bHanser$9(OLS)http://pul/publisher/70927